Normal view
MARC view
Entry Personal Name
001 - CONTROL NUMBER
- control field: 24611
003 - CONTROL NUMBER IDENTIFIER
- control field: ARRUPE
005 - DATE AND TIME OF LATEST TRANSACTION
- control field: 20160804095155.0
008 - FIXED-LENGTH DATA ELEMENTS
- fixed length control field: 160804|| aca||aabn | a|a d
040 ## - CATALOGING SOURCE
- Original cataloging agency: ARRUPE
- Transcribing agency: ARRUPE
100 ## - HEADING--PERSONAL NAME
- Personal name: Chuo Kikuu cha Dar es Salaam and Institute of Kiswahili studies
670 ## - SOURCE DATA FOUND
- Source citation: Work cat.: (ARRUPE): Chuo Kikuu cha Dar es Salaam and Institute of Kiswahili studies, Kamusi Sanifu, 2013